ESL supplement guide, L. 4. (Record no. 113154)
[ view plain ]
| 000 -LEADER | |
|---|---|
| fixed length control field | 00521nam a2200193 a 4500 |
| 001 - CONTROL NUMBER | |
| control field | 3522 |
| 005 - DATE AND TIME OF LATEST TRANSACTION | |
| control field | 20140414132005.0 |
| 008 - FIXED-LENGTH DATA ELEMENTS--GENERAL INFORMATION | |
| fixed length control field | 060508s19uu xx 00 eng d |
| 020 ## - INTERNATIONAL STANDARD BOOK NUMBER | |
| International Standard Book Number | |
| 050 ## - LIBRARY OF CONGRESS CALL NUMBER | |
| Classification number | TR 372.4 |
| Item number | L.4(ESG) 2002 |
| 245 ## - TITLE STATEMENT | |
| Title | ESL supplement guide, L. 4. |
| 250 ## - EDITION STATEMENT | |
| Edition statement | Revised Edition |
| 260 ## - PUBLICATION, DISTRIBUTION, ETC. (IMPRINT) | |
| Place of publication, distribution, etc | Columbus, Ohio : |
| Name of publisher, distributor, etc | SRA/McGRaw-Hill, |
| Date of publication, distribution, etc | 2002. |
| 300 ## - PHYSICAL DESCRIPTION | |
| Extent | xix, 244 p. ; cm. |
| 440 ## - SERIES STATEMENT/ADDED ENTRY--TITLE | |
| Title | SRA Open Court Reading, Purple |
| 526 ## - STUDY PROGRAM INFORMATION NOTE | |
| Reading level | Grade 3 |
| 650 ## - SUBJECT ADDED ENTRY--TOPICAL TERM | |
| Topical term or geographic name as entry element | Reading |
| General subdivision | Study and teaching. |
| Withdrawn status | Lost status | Damaged status | Use restrictions | Home library | Current library | Shelving location | Date acquired | Source of acquisition | Total Checkouts | Full call number | Barcode | Date last seen | Price effective from | Koha item type |
|---|---|---|---|---|---|---|---|---|---|---|---|---|---|---|
| Munich Library | Munich Library | Teachers Reference Section | 02/22/2011 | TR 372.4 L.4(ESG) 2002 | M4655 | 04/14/2014 | 04/14/2014 | Books |